000 00472nam a2200181 a 4500
001 6293
003 CO-ViMGA
008 141112s2004 ck r 000 u spa d
040 _aCO-ViMGA
_bspa
_cCO-ViMGA
082 0 4 _a813.54 H433s
100 1 _aHiggins Clark, Mary
_94986
245 1 0 _aEl síndrome Anastasia
260 _aBuenos Aires :
_bEmece,
_c1990
300 _a302 p : il
490 _aGrandes novelistas
650 1 4 _aNOVELA ESTADOUNIDENSE
_9761
942 _2ddc
_cBK
999 _c18264
_d18264